| 000 | 00483nam a22001817a 4500 | ||
|---|---|---|---|
| 005 | 20240110131748.0 | ||
| 008 | 200225b xxu||||| |||| 00| 0 eng d | ||
| 020 | _a978-93-87964-91-4 | ||
| 041 | _aeng | ||
| 082 | _a615.19 | ||
| 100 |
_aSIDDIQUI ANEES AHMAD AND SIDDIQUI, SEEMI _98386 |
||
| 245 | _aPHARMACEUTICAL ANALYSIS AS PER NEW PCI SYLIBUS VOL-2 | ||
| 250 | _a4th Ed. 2019 | ||
| 260 |
_aNEW DELHI _bCBS |
||
| 300 | _a416p, | ||
| 650 |
_aPHARMACY _xD.PHARMA |
||
| 942 | _cBK | ||
| 999 |
_c6032 _d6030 |
||